Associa il cantante al suo vero nome - Statistics

Statistiche generali
  • Questo quiz è stato fatto 340 volte
  • Il punteggio medio è 18 su 44
Statistiche sulle risposte
Hint Risposta % Corretto
Jacopo Lazzarini Lazza
72%
Lorenzo Cherubini Jovanotti
71%
Rosa Luini Rose Villain
71%
Filippo Neviani Nek
70%
Rocco Pagliarulo Rocco Hunt
69%
Rosalba Pippa Arisa
68%
Niccolò Moriconi Ultimo
67%
Mirko Martorana Rkomi
65%
Adelmo Fornaciari Zucchero
61%
Fabrizio Tarducci Fabri Fibra
53%
Gionata Boschetti Sfera Ebbasta
52%
Cosimo Fini Guè
50%
Davide Mattei thasup
47%
Emiliano Rudolf Giambelli Emis Killa
46%
Federico Olivieri Olly
46%
Filippo Maria Fanti Irama
45%
Emanuele Palumbo Geolier
43%
Maurizio Pisciottu Salmo
43%
Claudia Judith Nahum Baby K
42%
Francesca Calearo Madame
40%
Mohamed Lamine Saida Simba La Rue
40%
Luca Imprudente Luchè
39%
Riccardo Fabbriconi BLANCO
36%
Fabio Bartolo Rizzo Marracash
36%
Andrea De Filippi Alfa
35%
Zaccaria Mouhib Baby Gang
33%
Mario Molinari Tedua
33%
Matteo Professione Ernia
32%
Alessandro Aleotti J-AX
32%
Giovanni Calone Massimo Ranieri
32%
Andrea Brasi Bresh
31%
Nicolò Rapisarda Tony Effe
31%
Francesco Stasi Kid Yugi
29%
Andrea Arrigoni Shiva
28%
Alberto Cotta Ramusino Tananai
27%
Luca D'Orso Capo Plaza
26%
Davide De Luca Gemitaiz
26%
Mattia Barbieri Rondodasosa
26%
Antonio Hueber Tony Boy
24%
Ivan Arturo Barioli Artie 5ive
22%
Silvano Albanese Coez
21%
Diego Germini Izi
19%
Pierfrancesco Botrugno MadMan
15%
Francesco Vigorelli Jake La Furia
13%
Nessun quiz corrispondente trovato
Distribuzione punteggi
Percentuale di utenti per punteggio
Percentile per numero di risposta
I tuoi punteggi nel tempo
Non hai fatto questo quiz